000 00245nam a22000857a 4500
008 160702b xxu||||| |||| 00| 0 eng d
100 _91764
_a Gupta, R.G., et al
245 _aLaboratory Manual Mathematics
260 _aNew Delhi
_bArya Publication
_c2004
999 _c1468
_d1468